| 000 | 00361nam a2200133Ia 4500 | ||
|---|---|---|---|
| 008 | 240624s9999 xx 000 0 und d | ||
| 041 | _aeng | ||
| 082 | _a954 SIN | ||
| 100 | _aSINGH UPINDER | ||
| 245 | _aRETHINKING EARLY MEDIEVAL INDIA A READER | ||
| 260 |
_c2011 _aNew Delhi _bOxford University press |
||
| 300 | _avi, : 354 : p. : cm. ; 23 | ||
| 365 |
_cRS _b32 |
||
| 999 |
_c19107 _d19107 |
||